000 00344nam a2200121Ia 4500
008 190722s9999 xx 000 0 und d
020 _a9.7804707278e+012
100 _aJo Owen
245 0 _aTribal Business School lessons in business survival and success from the ultimate
260 _aNew Delhi
_bPearson
_c2008
300 _a138
942 _cBK
999 _c868
_d868